[Event "Moscow_Open_19_Turnir"]
[Site "?"]
[Date "2019.02.01"]
[Round "8.1"]
[White "Mokshanov, Alexey"]
[Black "Smirnov, Timofey"]
[Result "1/2-1/2"]
[BlackElo "2347"]
[WhiteElo "2442"]
[LiveChessVersion "1.4.8"]

1. e4 c5 {[%clk 1:25:43]} 2. Nf3 {[%clk 1:31:18]} d6 {[%clk 1:26:08]} 3. Bb5+
{[%clk 1:31:13]} Nd7 {[%clk 1:26:32]} 4. O-O {[%clk 1:31:33]} a6 {[%clk 1:26:54]}
5. Bd3 {[%clk 1:31:40]} Ngf6 {[%clk 1:26:39]} 6. c3 {[%clk 1:31:56]} e6
{[%clk 1:22:46]} 7. Bc2 {[%clk 1:31:07]} Be7 {[%clk 1:22:47]} 8. d4
{[%clk 1:30:58]} b5 {[%clk 1:16:15]} 9. Re1 {[%clk 1:21:04]} Bb7 {[%clk 1:15:37]}
10. Nbd2 {[%clk 1:20:50]} Qc7 {[%clk 1:05:10]} 11. Nf1 {[%clk 1:20:30]} Rc8
{[%clk 1:04:21]} 12. Bd3 {[%clk 1:20:14]} O-O {[%clk 1:02:33]} 13. Qe2
{[%clk 1:18:24]} Rfe8 {[%clk 0:56:39]} 14. Ng3 {[%clk 1:11:17]} e5
{[%clk 0:49:24]} 15. d5 {[%clk 0:59:43]} c4 {[%clk 0:49:42]} 16. Bc2
{[%clk 1:00:05]} g6 {[%clk 0:49:58]} 17. Bd2 {[%clk 0:58:57]} Bf8
{[%clk 0:43:49]} 18. Rec1 {[%clk 0:53:56]} Nb6 {[%clk 0:42:57]} 19. b4
{[%clk 0:51:42]} cxb3 {[%clk 0:41:08]} 20. axb3 {[%clk 0:51:02]} Nfd7
{[%clk 0:41:25]} 21. Nf1 {[%clk 0:46:08]} Nc5 {[%clk 0:38:26]} 22. b4
{[%clk 0:43:57]} Ncd7 {[%clk 0:30:34]} 23. Ne3 {[%clk 0:41:31]} Bh6
{[%clk 0:28:53]} 24. Bb3 {[%clk 0:37:56]} Bxe3 {[%clk 0:28:01]} 25. Bxe3
{[%clk 0:37:55]} Nc4 {[%clk 0:28:25]} 26. Bxc4 {[%clk 0:37:53]} Qxc4
{[%clk 0:28:30]} 27. Qxc4 {[%clk 0:38:16]} Rxc4 {[%clk 0:28:53]} 28. Nd2
{[%clk 0:38:31]} Rec8 {[%clk 0:25:24]} 29. Nxc4 {[%clk 0:37:57]} Rxc4
{[%clk 0:25:52]} 30. f3 {[%clk 0:33:55]} f5 {[%clk 0:26:16]} 31. Bg5
{[%clk 0:29:56]} fxe4 {[%clk 0:23:53]} 32. fxe4 {[%clk 0:28:37]} Rxe4
{[%clk 0:23:05]} 33. Re1 {[%clk 0:27:58]} Rxe1+ {[%clk 0:21:34]} 34. Rxe1
{[%clk 0:28:21]} Kf7 {[%clk 0:19:29]} 35. Rf1+ {[%clk 0:28:12]} Ke8
{[%clk 0:19:57]} 36. h4 {[%clk 0:25:07]} Nb6 {[%clk 0:19:16]} 37. Rf6
{[%clk 0:25:04]} Nc8 {[%clk 0:19:38]} 38. Bh6 {[%clk 0:23:57]} Bxd5
{[%clk 0:19:36]} 39. Rf8+ {[%clk 0:24:21]} Kd7 {[%clk 0:20:01]} 40. Rh8
{[%clk 0:24:20]} Be4 {[%clk 0:19:14]} 41. Rxh7+ {[%clk 0:24:30]} Ke6
{[%clk 0:19:40]} 42. Bf8 {[%clk 0:22:34]} Nb6 {[%clk 0:19:43]} 43. Ra7
{[%clk 0:22:33]} Nd7 {[%clk 0:18:04]} 44. Bh6 {[%clk 0:22:34]} Nb8
{[%clk 0:18:30]} 45. Kf2 {[%clk 0:22:01]} Kf5 {[%clk 0:18:38]} 46. g3
{[%clk 0:21:20]} Bh1 {[%clk 0:18:34]} 47. Bf8 {[%clk 0:21:09]} Ke6
{[%clk 0:18:12]} 48. g4 {[%clk 0:20:55]} Nd7 {[%clk 0:18:33]} 49. Bg7
{[%clk 0:21:16]} Nb6 {[%clk 0:18:49]} 50. h5 {[%clk 0:16:06]} gxh5
{[%clk 0:19:06]} 51. gxh5 {[%clk 0:16:35]} Nd5 {[%clk 0:19:18]} 52. h6
{[%clk 0:16:46]} Be4 {[%clk 0:19:43]} 53. Bf8 {[%clk 0:16:36]} Nf6
{[%clk 0:20:05]} 54. Rxa6 {[%clk 0:15:53]} Kd5 1/2-1/2

[Event "Moscow_Open_19_Turnir"]
[Site "?"]
[Date "2019.02.01"]
[Round "8.2"]
[White "Tekeyev, Zaur"]
[Black "Sarana, Alexey"]
[Result "1-0"]
[BlackElo "2630"]
[WhiteElo "2392"]
[LiveChessVersion "1.4.8"]

1. e4 {[%clk 1:26:45]} c5 {[%clk 1:30:33]} 2. Nf3 {[%clk 1:27:02]} d6
{[%clk 1:30:53]} 3. Bb5+ {[%clk 1:27:26]} Nd7 {[%clk 1:31:18]} 4. O-O
{[%clk 1:27:48]} Ngf6 {[%clk 1:31:41]} 5. Re1 {[%clk 1:28:11]} a6
{[%clk 1:32:06]} 6. Bd3 {[%clk 1:26:59]} g6 {[%clk 1:32:18]} 7. c3
{[%clk 1:27:08]} Bh6 {[%clk 1:32:43]} 8. Bf1 {[%clk 1:26:20]} Ne5
{[%clk 1:33:04]} 9. Nxe5 {[%clk 1:25:58]} dxe5 {[%clk 1:33:31]} 10. Na3
{[%clk 1:25:47]} Be6 {[%clk 1:33:33]} 11. Nc4 {[%clk 1:11:17]} Bxc4
{[%clk 1:18:44]} 12. Bxc4 {[%clk 1:07:05]} O-O {[%clk 1:19:10]} 13. d4
{[%clk 1:02:18]} Bxc1 {[%clk 1:19:33]} 14. Rxc1 {[%clk 1:02:43]} exd4
{[%clk 1:12:50]} 15. e5 {[%clk 0:54:46]} Ne8 {[%clk 1:12:06]} 16. cxd4
{[%clk 0:53:20]} b5 {[%clk 1:12:29]} 17. Bf1 {[%clk 0:45:20]} cxd4
{[%clk 1:12:03]} 18. a4 {[%clk 0:30:09]} Nc7 {[%clk 1:07:46]} 19. axb5
{[%clk 0:26:36]} Nxb5 {[%clk 1:05:47]} 20. Qd2 {[%clk 0:22:15]} Qd7
{[%clk 1:01:10]} 21. e6 {[%clk 0:19:44]} fxe6 {[%clk 1:01:37]} 22. Rxe6
{[%clk 0:20:00]} Rf6 {[%clk 0:59:02]} 23. Re4 {[%clk 0:20:02]} Rd6
{[%clk 0:59:13]} 24. Rce1 {[%clk 0:18:26]} e6 {[%clk 0:59:06]} 25. Bd3
{[%clk 0:18:39]} Rf8 {[%clk 0:57:22]} 26. h4 {[%clk 0:18:46]} Nc7
{[%clk 0:56:12]} 27. h5 {[%clk 0:17:20]} Rf6 {[%clk 0:51:19]} 28. Rg4
{[%clk 0:16:27]} Qf7 {[%clk 0:49:45]} 29. hxg6 {[%clk 0:12:59]} hxg6
{[%clk 0:50:14]} 30. Rc1 {[%clk 0:11:42]} e5 {[%clk 0:49:00]} 31. Qh6
{[%clk 0:11:41]} e4 {[%clk 0:43:31]} 32. Rh4 {[%clk 0:10:58]} 1-0

[Event "Moscow_Open_19_Turnir"]
[Site "?"]
[Date "2019.02.01"]
[Round "8.3"]
[White "Zakhartsov, Vladimir"]
[Black "Aleksandrovskiy, Dmitriy"]
[Result "1-0"]
[BlackElo "2299"]
[WhiteElo "2483"]
[LiveChessVersion "1.4.8"]

1. c4 {[%clk 1:19:18]} e5 {[%clk 1:30:47]} 2. Nc3 {[%clk 1:19:42]} f5
{[%clk 1:30:04]} 3. d4 {[%clk 1:18:25]} exd4 {[%clk 1:29:30]} 4. Qxd4
{[%clk 1:18:53]} Nc6 {[%clk 1:25:36]} 5. Qe3+ {[%clk 1:19:00]} Qe7
{[%clk 1:24:17]} 6. Nd5 {[%clk 1:15:57]} Qxe3 {[%clk 1:24:38]} 7. Bxe3
{[%clk 1:16:26]} Bb4+ {[%clk 1:22:06]} 8. Kd1 {[%clk 1:13:47]} Bd6
{[%clk 1:22:22]} 9. c5 {[%clk 1:11:24]} Nge7 {[%clk 1:21:44]} 10. cxd6
{[%clk 1:10:59]} Nxd5 {[%clk 1:22:09]} 11. Bc5 {[%clk 1:11:25]} b6
{[%clk 1:20:36]} 12. Ba3 {[%clk 1:11:53]} Ba6 {[%clk 1:14:37]} 13. Rc1
{[%clk 1:05:53]} O-O {[%clk 1:11:31]} 14. dxc7 {[%clk 1:05:05]} Rfe8
{[%clk 1:10:43]} 15. Nf3 {[%clk 1:02:11]} Nxc7 {[%clk 1:09:17]} 16. b3
{[%clk 1:02:30]} Nb5 {[%clk 1:04:00]} 17. e3 {[%clk 1:02:19]} Nxa3
{[%clk 1:01:57]} 18. Bxa6 {[%clk 1:02:48]} Nb4 {[%clk 1:02:16]} 19. Bb7
{[%clk 0:55:36]} Rab8 {[%clk 1:02:08]} 20. Rc7 {[%clk 0:56:05]} Nb5
{[%clk 0:55:31]} 21. Rxd7 {[%clk 0:56:33]} Red8 {[%clk 0:54:46]} 22. Rxd8+
{[%clk 0:56:51]} Rxd8+ {[%clk 0:55:11]} 23. Nd4 {[%clk 0:56:51]} Nxd4
{[%clk 0:49:19]} 24. exd4 {[%clk 0:57:12]} Rxd4+ {[%clk 0:49:10]} 25. Ke2
{[%clk 0:56:51]} Nxa2 {[%clk 0:43:44]} 26. Ra1 {[%clk 0:57:18]} Rd7
{[%clk 0:42:08]} 27. Bc8 {[%clk 0:57:33]} Nc3+ {[%clk 0:41:46]} 28. Ke3
{[%clk 0:58:01]} Re7+ {[%clk 0:40:29]} 29. Kd3 {[%clk 0:54:29]} Ne4
{[%clk 0:31:45]} 30. Bxf5 {[%clk 0:52:18]} Nxf2+ {[%clk 0:31:52]} 31. Kd4
{[%clk 0:52:41]} g6 {[%clk 0:32:11]} 32. Bc8 {[%clk 0:50:39]} Ne4
{[%clk 0:30:01]} 33. Re1 {[%clk 0:50:12]} Re8 {[%clk 0:30:27]} 34. Bb7
{[%clk 0:50:27]} Rd8+ {[%clk 0:30:52]} 35. Bd5+ {[%clk 0:50:47]} Rxd5+
{[%clk 0:30:01]} 36. Kxd5 {[%clk 0:51:15]} 1-0

[Event "Moscow_Open_19_Turnir"]
[Site "?"]
[Date "2019.02.01"]
[Round "8.4"]
[White "Fotin, Vladimir"]
[Black "Rudometov, Maxim"]
[Result "1-0"]
[BlackElo "2265"]
[WhiteElo "2341"]
[LiveChessVersion "1.4.8"]

1. d4 {[%clk 1:30:41]} d5 {[%clk 1:30:38]} 2. c4 {[%clk 1:30:22]} e6
{[%clk 1:29:35]} 3. Nc3 {[%clk 1:28:46]} Be7 {[%clk 1:27:31]} 4. cxd5
{[%clk 1:24:49]} exd5 {[%clk 1:27:52]} 5. Bf4 {[%clk 1:24:38]} Nf6
{[%clk 1:23:49]} 6. e3 {[%clk 1:22:16]} O-O {[%clk 1:18:51]} 7. Bd3
{[%clk 1:15:16]} b6 {[%clk 1:12:05]} 8. Nf3 {[%clk 1:08:16]} c5 {[%clk 1:06:25]}
9. O-O {[%clk 1:02:35]} Nc6 {[%clk 0:59:29]} 10. Rc1 {[%clk 0:51:27]} c4
{[%clk 0:54:50]} 11. Bb1 {[%clk 0:48:54]} a6 {[%clk 0:50:31]} 12. Ne5
{[%clk 0:47:46]} Bb7 {[%clk 0:50:23]} 13. Qf3 {[%clk 0:44:27]} b5
{[%clk 0:47:06]} 14. a3 {[%clk 0:44:01]} Nxe5 {[%clk 0:46:02]} 15. dxe5
{[%clk 0:43:06]} Ne4 {[%clk 0:45:53]} 16. Nxe4 {[%clk 0:42:12]} dxe4
{[%clk 0:46:16]} 17. Bxe4 {[%clk 0:42:39]} Bxe4 {[%clk 0:46:40]} 18. Qxe4
{[%clk 0:43:05]} Qb6 {[%clk 0:46:45]} 19. Rfd1 {[%clk 0:26:07]} Rfc8
{[%clk 0:41:52]} 20. h3 {[%clk 0:23:39]} Bf8 {[%clk 0:39:32]} 21. Bg3
{[%clk 0:16:32]} a5 {[%clk 0:37:07]} 22. a4 {[%clk 0:10:25]} bxa4
{[%clk 0:28:09]} 23. Rxc4 {[%clk 0:10:11]} Qxb2 {[%clk 0:28:29]} 24. e6
{[%clk 0:08:31]} a3 {[%clk 0:27:10]} 25. Rxc8 {[%clk 0:07:59]} Rxc8
{[%clk 0:27:36]} 26. e7 {[%clk 0:08:23]} a2 {[%clk 0:26:23]} 27. Be5
{[%clk 0:05:39]} Qa3 {[%clk 0:24:51]} 28. exf8=R+ {[%clk 0:04:59]} Kxf8
{[%clk 0:25:14]} 29. Qg4 {[%clk 0:04:59]} 1-0

[Event "Moscow_Open_19_Turnir"]
[Site "?"]
[Date "2019.02.01"]
[Round "8.5"]
[White "Nyudleev, Dolgan"]
[Black "Thing, Bibek"]
[Result "1-0"]
[BlackElo "2264"]
[WhiteElo "2333"]
[LiveChessVersion "1.4.8"]

1. e4 {[%clk 1:16:07]} c5 {[%clk 1:30:30]} 2. Nf3 {[%clk 1:16:21]} d6
{[%clk 1:30:52]} 3. d4 {[%clk 1:04:43]} cxd4 {[%clk 1:30:35]} 4. Qxd4
{[%clk 1:00:23]} Nc6 {[%clk 1:27:46]} 5. Bb5 {[%clk 1:00:39]} Bd7
{[%clk 1:27:56]} 6. Bxc6 {[%clk 1:01:04]} Bxc6 {[%clk 1:27:53]} 7. Nc3
{[%clk 1:01:28]} e6 {[%clk 1:25:00]} 8. Bg5 {[%clk 1:01:32]} Nf6 {[%clk 1:24:55]}
9. O-O-O {[%clk 1:01:46]} Be7 {[%clk 1:23:40]} 10. Rhe1 {[%clk 1:02:08]} O-O
{[%clk 1:02:52]} 11. e5 {[%clk 1:01:46]} dxe5 {[%clk 0:57:38]} 12. Qh4
{[%clk 1:02:13]} Nd5 {[%clk 0:55:16]} 13. Rxd5 {[%clk 1:01:12]} Bxd5
{[%clk 0:52:20]} 14. Bxe7 {[%clk 1:01:30]} Qa5 {[%clk 0:52:42]} 15. Bxf8
{[%clk 1:01:08]} Rxf8 {[%clk 0:52:50]} 16. Rxe5 {[%clk 0:56:41]} Qd8
{[%clk 0:52:36]} 1-0

[Event "Moscow_Open_19_Turnir"]
[Site "?"]
[Date "2019.02.01"]
[Round "8.6"]
[White "Ivlev, Aleksey"]
[Black "Mamatov, Melis"]
[Result "0-1"]
[BlackElo "2203"]
[WhiteElo "2326"]
[LiveChessVersion "1.4.8"]

1. e4 {[%clk 1:26:05]} c5 {[%clk 1:30:51]} 2. c3 {[%clk 1:26:31]} e6
{[%clk 1:29:57]} 3. d4 {[%clk 1:26:56]} d5 {[%clk 1:30:17]} 4. e5
{[%clk 1:27:21]} Nc6 {[%clk 1:28:28]} 5. Nf3 {[%clk 1:27:40]} f6 {[%clk 1:24:55]}
6. Bd3 {[%clk 1:26:50]} Bd7 {[%clk 1:17:52]} 7. O-O {[%clk 1:25:29]} fxe5
{[%clk 1:17:39]} 8. dxe5 {[%clk 1:25:28]} Qc7 {[%clk 1:18:01]} 9. Bf4
{[%clk 1:18:40]} Nge7 {[%clk 1:13:52]} 10. Ng5 {[%clk 1:14:28]} g6
{[%clk 1:13:25]} 11. Qg4 {[%clk 1:10:38]} Bh6 {[%clk 1:04:51]} 12. Re1
{[%clk 1:04:54]} Rf8 {[%clk 0:49:31]} 13. Qh4 {[%clk 1:02:23]} Bxg5
{[%clk 0:49:29]} 14. Bxg5 {[%clk 1:02:45]} Rf7 {[%clk 0:49:39]} 15. f4
{[%clk 1:01:39]} c4 {[%clk 0:40:26]} 16. Bf1 {[%clk 1:00:50]} Ng8
{[%clk 0:40:31]} 17. b3 {[%clk 0:51:59]} cxb3 {[%clk 0:37:53]} 18. axb3
{[%clk 0:52:24]} h6 {[%clk 0:38:19]} 19. Bf6 {[%clk 0:52:17]} Nxf6
{[%clk 0:38:40]} 20. exf6 {[%clk 0:52:41]} Qd8 {[%clk 0:39:04]} 21. Qxh6
{[%clk 0:49:19]} Qxf6 {[%clk 0:38:49]} 22. g3 {[%clk 0:48:51]} O-O-O
{[%clk 0:32:16]} 23. Bd3 {[%clk 0:46:47]} e5 {[%clk 0:29:45]} 24. Ra4
{[%clk 0:42:14]} e4 {[%clk 0:22:57]} 25. Be2 {[%clk 0:41:59]} Rh8
{[%clk 0:23:14]} 26. Qg5 {[%clk 0:42:24]} Qd6 {[%clk 0:23:34]} 27. h4
{[%clk 0:18:36]} Rf5 {[%clk 0:23:41]} 28. Qg4 {[%clk 0:19:03]} Rfh5
{[%clk 0:23:49]} 29. f5 {[%clk 0:19:18]} Rxf5 {[%clk 0:18:40]} 30. Rd4
{[%clk 0:12:43]} Ne5 31. Qxe4 {[%clk 0:09:01]} Nf3+ {[%clk 0:17:20]} 32. Kh1
{[%clk 0:06:41]} Qxg3 {[%clk 0:16:15]} 33. Bxf3 {[%clk 0:07:10]} dxe4
{[%clk 0:16:34]} 0-1

[Event "Moscow_Open_19_Turnir"]
[Site "?"]
[Date "2019.02.01"]
[Round "8.7"]
[White "Teiitbaev, Aktilek"]
[Black "Chernyavsky, Alexander"]
[Result "0-1"]
[BlackElo "2357"]
[WhiteElo "2229"]
[LiveChessVersion "1.4.8"]

1. e4 {[%clk 1:30:40]} e6 {[%clk 1:30:43]} 2. d4 {[%clk 1:31:01]} d5
{[%clk 1:31:10]} 3. Nc3 {[%clk 1:31:21]} Bb4 {[%clk 1:31:35]} 4. e5
{[%clk 1:31:48]} Ne7 {[%clk 1:32:00]} 5. a3 {[%clk 1:32:14]} Bxc3+
{[%clk 1:32:26]} 6. bxc3 {[%clk 1:32:41]} c5 {[%clk 1:32:52]} 7. Qg4
{[%clk 1:33:08]} Nbc6 {[%clk 1:32:12]} 8. Bd3 {[%clk 1:24:51]} Qa5
{[%clk 1:27:11]} 9. Bd2 {[%clk 1:19:51]} c4 {[%clk 1:27:23]} 10. Be2
{[%clk 1:19:50]} Nf5 {[%clk 1:27:43]} 11. Nf3 {[%clk 1:18:59]} Bd7
{[%clk 1:28:04]} 12. Nh4 {[%clk 1:08:51]} Nce7 {[%clk 1:27:11]} 13. Nxf5
{[%clk 1:08:36]} Nxf5 {[%clk 1:27:34]} 14. Qf3 {[%clk 1:08:45]} h5
{[%clk 1:24:37]} 15. Rb1 {[%clk 1:06:30]} Bc6 {[%clk 1:22:50]} 16. Rb4
{[%clk 0:58:30]} O-O-O {[%clk 1:17:50]} 17. O-O {[%clk 0:52:35]} Qxa3
{[%clk 1:10:19]} 18. Bg5 {[%clk 0:42:44]} Nxd4 {[%clk 1:02:13]} 19. cxd4
{[%clk 0:43:13]} Qxb4 {[%clk 1:02:36]} 20. Bxd8 {[%clk 0:43:37]} Kxd8
{[%clk 1:03:01]} 21. Qxf7 {[%clk 0:44:02]} Qe7 {[%clk 1:03:24]} 22. Qg6
{[%clk 0:43:59]} Be8 {[%clk 0:57:32]} 23. Qg3 {[%clk 0:44:23]} g6
{[%clk 0:57:47]} 24. Ra1 {[%clk 0:41:00]} a6 {[%clk 0:55:24]} 25. Qc3
{[%clk 0:41:12]} Rh7 {[%clk 0:53:49]} 26. Qa5+ {[%clk 0:40:20]} Kc8
{[%clk 0:51:34]} 27. Qb6 {[%clk 0:39:39]} Bb5 {[%clk 0:51:16]} 28. g3
{[%clk 0:31:41]} Kb8 {[%clk 0:48:56]} 29. h4 {[%clk 0:31:45]} Qd7
{[%clk 0:48:59]} 30. f4 {[%clk 0:30:13]} Re7 {[%clk 0:48:59]} 31. Qa5
{[%clk 0:29:37]} Qc7 {[%clk 0:46:00]} 32. Qb4 {[%clk 0:30:06]} b6
{[%clk 0:46:20]} 33. Bf1 {[%clk 0:29:14]} Kb7 {[%clk 0:44:47]} 34. Bh3
{[%clk 0:28:20]} Re8 {[%clk 0:41:40]} 35. c3 {[%clk 0:26:07]} Qe7
{[%clk 0:39:14]} 36. Qb1 {[%clk 0:25:59]} Rg8 {[%clk 0:39:39]} 37. Ra2
{[%clk 0:25:32]} Kc7 {[%clk 0:36:41]} 38. Rb2 {[%clk 0:23:09]} Kd8
{[%clk 0:34:35]} 39. Rxb5 {[%clk 0:19:40]} axb5 {[%clk 0:34:33]} 40. Qxb5
{[%clk 0:20:08]} Kc7 {[%clk 0:32:17]} 41. Qa6 {[%clk 0:20:28]} Rb8
{[%clk 0:32:40]} 42. Qa7+ {[%clk 0:16:51]} Rb7 {[%clk 0:33:09]} 43. Qa8
{[%clk 0:17:21]} b5 {[%clk 0:31:35]} 44. Qa6 {[%clk 0:17:38]} Qd7
{[%clk 0:24:29]} 45. Bxe6 {[%clk 0:17:33]} Qc6 {[%clk 0:24:52]} 46. Qa5+
{[%clk 0:16:20]} Qb6 {[%clk 0:23:19]} 47. Qxb6+ {[%clk 0:16:49]} Rxb6
{[%clk 0:23:40]} 48. Bxd5 {[%clk 0:17:16]} Ra6 {[%clk 0:21:31]} 49. Kf2
{[%clk 0:16:39]} Ra2+ {[%clk 0:21:20]} 50. Ke3 {[%clk 0:15:07]} Rc2
{[%clk 0:21:26]} 51. Bf7 {[%clk 0:14:14]} Rxc3+ 52. Ke4 Rxg3 {[%clk 0:19:20]} 53.
d5 {[%clk 0:12:18]} c3 {[%clk 0:17:59]} 54. d6+ {[%clk 0:12:28]} Kd7
{[%clk 0:18:28]} 55. Bb3 {[%clk 0:12:42]} Rg2 {[%clk 0:18:28]} 56. Kd3
{[%clk 0:12:56]} b4 {[%clk 0:18:36]} 57. Ba4+ {[%clk 0:12:10]} Kd8
{[%clk 0:18:29]} 58. Bb3 {[%clk 0:10:27]} Rf2 {[%clk 0:10:49]} 59. Ba4
{[%clk 0:10:29]} Rg2 {[%clk 0:09:19]} 60. Bb3 {[%clk 0:10:54]} Ke8
{[%clk 0:09:41]} 61. Ba4+ {[%clk 0:10:22]} Kf8 {[%clk 0:09:56]} 62. Bb3
{[%clk 0:10:16]} Rf2 {[%clk 0:10:06]} 63. Ba4 {[%clk 0:09:55]} Rb2
{[%clk 0:10:12]} 64. Ke3 {[%clk 0:07:31]} c2 {[%clk 0:10:36]} 65. Kd2
{[%clk 0:07:13]} b3 {[%clk 0:11:00]} 66. e6 {[%clk 0:06:46]} Rb1 {[%clk 0:11:22]}
67. e7+ {[%clk 0:06:02]} Kg7 {[%clk 0:11:47]} 68. e8=Q {[%clk 0:06:12]} c1=Q+
{[%clk 0:12:11]} 69. Kd3 {[%clk 0:05:49]} Qc2+ {[%clk 0:12:30]} 70. Kd4 0-1

[Event "Moscow_Open_19_Turnir"]
[Site "?"]
[Date "2019.02.01"]
[Round "8.8"]
[White "Kovalev, Egor"]
[Black "Jaiswal, Rupesh"]
[Result "1/2-1/2"]
[BlackElo "2141"]
[WhiteElo "2234"]
[LiveChessVersion "1.4.8"]

1. Nf3 Nf6 {[%clk 1:24:39]} 2. c4 {[%clk 1:31:18]} g6 {[%clk 1:25:02]} 3. Nc3
{[%clk 1:31:14]} d5 {[%clk 1:25:26]} 4. Qa4+ {[%clk 1:31:11]} Bd7
{[%clk 1:23:29]} 5. Qb3 {[%clk 1:31:33]} Bc6 {[%clk 1:23:36]} 6. Ne5
{[%clk 1:29:28]} dxc4 {[%clk 1:22:55]} 7. Qxc4 {[%clk 1:29:23]} e6
{[%clk 1:22:51]} 8. Nxc6 {[%clk 1:26:44]} Nxc6 {[%clk 1:23:12]} 9. g3
{[%clk 1:26:50]} Qd4 {[%clk 1:17:00]} 10. Qb5 {[%clk 1:25:49]} Qb6
{[%clk 1:16:38]} 11. Bg2 {[%clk 1:26:03]} Qxb5 {[%clk 1:16:12]} 12. Nxb5
{[%clk 1:26:29]} Kd7 {[%clk 1:16:35]} 13. b3 {[%clk 1:22:28]} Nb4
{[%clk 1:13:28]} 14. Bb2 {[%clk 1:19:04]} Bg7 {[%clk 1:13:27]} 15. O-O
{[%clk 1:19:12]} c6 {[%clk 1:12:08]} 16. Na3 {[%clk 1:18:44]} Ne8
{[%clk 1:10:59]} 17. d4 {[%clk 1:19:07]} Nd6 {[%clk 1:10:39]} 18. Rfd1
{[%clk 1:18:49]} Rhd8 {[%clk 1:09:08]} 19. e4 {[%clk 1:17:58]} Nc8
{[%clk 1:07:34]} 20. Bc3 {[%clk 1:17:38]} Na6 {[%clk 1:06:26]} 21. Nc4
{[%clk 1:16:45]} Nd6 {[%clk 1:04:54]} 22. a4 {[%clk 1:00:09]} Nxc4
{[%clk 1:03:52]} 23. bxc4 {[%clk 1:00:37]} Kc7 {[%clk 1:02:00]} 24. e5
{[%clk 0:58:02]} Rac8 {[%clk 0:59:08]} 25. Ba5+ {[%clk 0:54:58]} b6
{[%clk 0:59:09]} 26. Bc3 {[%clk 0:55:26]} Bf8 {[%clk 0:55:54]} 27. Rdb1
{[%clk 0:54:49]} Rb8 {[%clk 0:55:05]} 28. Rb2 {[%clk 0:52:50]} Kd7
{[%clk 0:52:05]} 29. Rab1 {[%clk 0:52:31]} c5 {[%clk 0:52:27]} 30. d5
{[%clk 0:52:16]} Nb4 {[%clk 0:52:29]} 31. Rd1 {[%clk 0:51:04]} a5
{[%clk 0:50:55]} 32. Re2 {[%clk 0:48:29]} Bg7 {[%clk 0:47:53]} 33. Red2
{[%clk 0:45:02]} Ke7 {[%clk 0:46:15]} 34. Bh3 {[%clk 0:44:58]} Bh6
{[%clk 0:42:46]} 35. f4 {[%clk 0:44:17]} Na6 {[%clk 0:42:55]} 36. Kf2
{[%clk 0:42:23]} Rb7 {[%clk 0:42:01]} 37. Kf3 {[%clk 0:39:22]} Rbd7
{[%clk 0:41:51]} 38. Ke4 {[%clk 0:39:14]} Nb4 {[%clk 0:41:05]} 39. Bg2
{[%clk 0:38:50]} Bg7 {[%clk 0:40:29]} 40. Bf3 {[%clk 0:38:38]} f5+
{[%clk 0:38:32]} 41. Ke3 h5 {[%clk 0:36:58]} 42. h3 {[%clk 0:37:46]} Bh6
{[%clk 0:36:38]} 43. g4 {[%clk 0:37:49]} hxg4 {[%clk 0:36:28]} 44. hxg4
{[%clk 0:38:17]} fxg4 {[%clk 0:36:50]} 45. d6+ {[%clk 0:36:16]} Ke8
{[%clk 0:36:33]} 46. Bxg4 {[%clk 0:36:39]} Rf7 {[%clk 0:36:56]} 47. Rf2
{[%clk 0:34:02]} Kd7 {[%clk 0:36:39]} 48. Rh1 {[%clk 0:34:13]} Bg7
{[%clk 0:36:13]} 49. Bf3 {[%clk 0:30:43]} Rdf8 {[%clk 0:32:13]} 50. Rh7
{[%clk 0:29:42]} Nc6 {[%clk 0:31:12]} 51. Rg2 {[%clk 0:27:18]} Nd4
{[%clk 0:30:06]} 52. Rxg6 {[%clk 0:27:37]} Bxe5 {[%clk 0:28:54]} 53. Rxf7+
{[%clk 0:24:22]} Rxf7 {[%clk 0:29:05]} 54. fxe5 {[%clk 0:24:50]} Rxf3+
{[%clk 0:29:15]} 55. Kd2 {[%clk 0:25:18]} Rf2+ {[%clk 0:28:56]} 56. Kd1 Rf1+
{[%clk 0:27:41]} 57. Be1 {[%clk 0:23:57]} Nf3 {[%clk 0:26:59]} 58. Rg7+
{[%clk 0:24:26]} Kc8 {[%clk 0:26:52]} 59. Rc7+ {[%clk 0:23:49]} Kd8
{[%clk 0:25:22]} 60. Ke2 {[%clk 0:24:17]} Rxe1+ {[%clk 0:25:33]} 61. Kxf3
{[%clk 0:24:45]} Rxe5 {[%clk 0:25:46]} 62. Rb7 {[%clk 0:25:15]} Re1
{[%clk 0:25:13]} 63. Rxb6 {[%clk 0:25:43]} Kd7 {[%clk 0:22:54]} 64. Ra6
{[%clk 0:26:12]} Rc1 {[%clk 0:23:15]} 65. Ke4 {[%clk 0:26:08]} Re1+
{[%clk 0:21:58]} 66. Kd3 {[%clk 0:26:28]} Rd1+ {[%clk 0:22:02]} 67. Kc3
{[%clk 0:26:57]} Rc1+ {[%clk 0:21:14]} 68. Kd3 {[%clk 0:27:25]} Rd1+
{[%clk 0:20:59]} 69. Kc2 {[%clk 0:27:54]} Rd4 {[%clk 0:20:50]} 70. Kc3
{[%clk 0:28:11]} Rh4 {[%clk 0:21:03]} 71. Rxa5 {[%clk 0:28:14]} Kxd6
{[%clk 0:21:06]} 72. Ra6+ {[%clk 0:28:25]} Ke5 {[%clk 0:21:29]} 73. a5
{[%clk 0:28:05]} Rh3+ {[%clk 0:18:37]} 74. Kb2 {[%clk 0:28:34]} Kd4
{[%clk 0:18:25]} 75. Rxe6 {[%clk 0:28:55]} Kxc4 {[%clk 0:18:52]} 76. a6
{[%clk 0:28:54]} Rb3+ {[%clk 0:18:54]} 1/2-1/2

[Event "Moscow_Open_19_Turnir"]
[Site "?"]
[Date "2019.02.01"]
[Round "8.9"]
[White "Derevianchenko, Ilia"]
[Black "Volobuev, Vladimir"]
[Result "1-0"]
[BlackElo "1954"]
[WhiteElo "2339"]
[LiveChessVersion "1.4.8"]

1. Nf3 {[%clk 1:27:52]} Nf6 {[%clk 1:30:42]} 2. c4 {[%clk 1:28:18]} g6
{[%clk 1:29:37]} 3. Nc3 {[%clk 1:28:38]} d5 {[%clk 1:29:39]} 4. d4
{[%clk 1:28:10]} Bg7 {[%clk 1:29:53]} 5. Bf4 {[%clk 1:23:52]} O-O
{[%clk 1:26:30]} 6. e3 {[%clk 1:23:49]} c6 {[%clk 1:23:57]} 7. Qb3
{[%clk 1:22:57]} Qa5 {[%clk 1:12:35]} 8. Be2 {[%clk 1:21:59]} dxc4
{[%clk 1:05:45]} 9. Bxc4 {[%clk 1:22:14]} b5 {[%clk 1:04:28]} 10. Be2
{[%clk 1:21:16]} Nd5 {[%clk 1:03:48]} 11. Be5 {[%clk 1:20:30]} Be6
{[%clk 0:59:39]} 12. Qc2 {[%clk 1:17:06]} Na6 {[%clk 0:55:20]} 13. O-O
{[%clk 1:16:01]} Nxc3 {[%clk 0:40:24]} 14. bxc3 {[%clk 1:15:09]} f6
{[%clk 0:40:02]} 15. Bg3 {[%clk 1:15:01]} Nc7 {[%clk 0:38:44]} 16. e4
{[%clk 1:12:24]} a6 {[%clk 0:37:24]} 17. c4 {[%clk 1:11:48]} Rac8
{[%clk 0:32:56]} 18. a4 {[%clk 1:06:59]} b4 {[%clk 0:28:50]} 19. Nd2
{[%clk 1:06:58]} Qb6 {[%clk 0:26:32]} 20. c5 {[%clk 1:06:54]} Qb7
{[%clk 0:26:00]} 21. Bc4 {[%clk 1:06:00]} Bxc4 {[%clk 0:24:36]} 22. Qxc4+
{[%clk 1:05:46]} Kh8 {[%clk 0:25:00]} 23. Nb3 {[%clk 1:05:40]} f5
{[%clk 0:24:28]} 24. Na5 {[%clk 1:05:48]} Qa8 {[%clk 0:24:41]} 25. f3
{[%clk 1:00:49]} f4 {[%clk 0:24:13]} 26. Bf2 {[%clk 1:00:50]} e5 {[%clk 0:22:24]}
27. Rab1 {[%clk 0:59:37]} Rfe8 {[%clk 0:21:01]} 28. Rxb4 {[%clk 0:58:42]} Ne6
{[%clk 0:20:43]} 29. d5 {[%clk 0:54:38]} cxd5 {[%clk 0:20:45]} 30. exd5
{[%clk 0:55:07]} Nd4 {[%clk 0:19:57]} 31. Rfb1 {[%clk 0:45:12]} Qa7
{[%clk 0:19:21]} 32. c6 {[%clk 0:45:14]} Qe7 {[%clk 0:19:18]} 33. Rb7
{[%clk 0:39:35]} Rc7 {[%clk 0:19:41]} 34. Qb4 {[%clk 0:37:13]} Qd8
{[%clk 0:19:20]} 35. Rxc7 {[%clk 0:35:51]} Qxc7 {[%clk 0:19:48]} 36. d6
{[%clk 0:36:20]} 1-0